The goddesses and gods of Old Europe : 6500-3500 BC : myths and cult images

Αποθηκεύτηκε σε:
Λεπτομέρειες βιβλιογραφικής εγγραφής
Κύριος συγγραφέας: Gimbutas, Marija Alseikaite 1921-
Μορφή: Βιβλίο
Γλώσσα:English
Δημοσίευση: London : Thames and Hudson, 1982
Έκδοση:ed. new
Θέματα:
Ετικέτες: Προσθήκη ετικέτας
Δεν υπάρχουν, Καταχωρήστε ετικέτα πρώτοι!

MARC

LEADER 00000nam a2200000 i 4500
001 1/105341
008 000324s1982 eng d
020 |a 0-500-27238-7 
035 |l 10059211 
040 |a GR-MY-UA  |b gre  |e aacr 
041 0 |a eng 
082 0 |a 291.042094 
100 1 |a Gimbutas, Marija Alseikaite  |d 1921- 
245 1 4 |a The goddesses and gods of Old Europe :  |b 6500-3500 BC : myths and cult images /  |c Marija Gimbutas 
250 |a ed. new 
260 |a London :   |b Thames and Hudson,   |c 1982 
300 |a 304 p.  |b with 252 illustrations, 171 text figures and 8 maps 
650 0 0 |a Religion, Prehistoric  |z Europe. 
650 0 0 |a Goddesses  |z Europe. 
650 0 0 |a Prehistoric peoples  |z Europe. 
651 0 |a Europe  |x Antiquities. 
852 |a INST  |b RHODES  |e 20000324  |h 291.042094 GIM  |p 005400013754  |q 005400013754  |t BK  |y 0 
852 |a INST  |b RHODES  |e 20001201  |h 291.042094 GIM  |p 005400017474  |q 005400017474  |t BK  |y 0 
901 |a BIBL4-2000-1 
909 |a Ρ  |b 073672 
909 |a Ρ  |b 082386 
922 |a 4ΔΩΡ  |b 200003  |c ΔΩΡΕΑ/ΜΣ 
922 |a 4ΕΛΗ  |b 200010  |c ΚΠΣ/124 
970 |a ΚΟΥΛΑΚΙΟΤΗ  |b ΛΙΤΣΑ  |z 2000/03/24